<?xml version="1.0" encoding="UTF-8"?>
<marc:record xmlns:marc="http://www.loc.gov/MARC21/slim">
   <marc:leader>00000nam a2200000 a 4500</marc:leader>
   <marc:datafield ind1="1" ind2=" " tag="100">
      <marc:subfield code="a">Mbalia, Kwame</marc:subfield>
      <marc:subfield code="4">aut</marc:subfield>
      <marc:subfield code="e">Verfasser/-in</marc:subfield>
   </marc:datafield>
   <marc:datafield ind1="0" ind2="0" tag="245">
      <marc:subfield code="a">Mythen Weber</marc:subfield>
   </marc:datafield>
   <marc:datafield ind1=" " ind2="1" tag="264">
      <marc:subfield code="b">Ravensburger Buchverl.</marc:subfield>
      <marc:subfield code="c">2024</marc:subfield>
   </marc:datafield>
   <marc:datafield ind1="1" ind2=" " tag="490">
      <marc:subfield code="a">Tristan gegen die Götter</marc:subfield>
   </marc:datafield>
   <marc:datafield ind1="1" ind2=" " tag="520">
      <marc:subfield code="a">Wer es mit den Göttern aufnehmen will, braucht einen guten rechten Haken

Normal war mein Leben noch nie, aber seit ich mit einer Puppe um das Tagebuch meines besten Freunds gekämpft habe, ist „normal“ für mich ein Fremdwort. Okay, dass bei dem Kampf aus Versehen ein Riss zwischen den Welten entstanden ist, war vielleicht ein kleines bisschen meine Schuld. Aber dass ich jetzt von Eisenmonstern verfolgt und für das bevorstehende Ende der Welt verantwortlich gemacht werde … das ist echt nicht cool. Aber hey, wenn sich jemand da durchboxen kann, dann ich!
</marc:subfield>
   </marc:datafield>
   <marc:datafield ind1=" " ind2=" " tag="020">
      <marc:subfield code="a">9783473402489</marc:subfield>
      <marc:subfield code="9">9783473402489</marc:subfield>
   </marc:datafield>
</marc:record>
